Treatment of disorders in childhood and adolescence
Saved in:
| Format: | Book |
|---|---|
| Language: | English |
| Published: |
The Guilford Press
2019
|
| Tags: |
Add Tag
No Tags, Be the first to tag this record!
|
MARC
| LEADER | 00000nam a22000007a 4500 | ||
|---|---|---|---|
| 008 | 230822b |||||||| |||| 00| 0 eng d | ||
| 020 | |a 9781462538980 | ||
| 245 | |a Treatment of disorders in childhood and adolescence |c edited by Mitchell J. Prinstein ... (et al). |g xiii, 914 p; ill | ||
| 250 | |b 4th |c Prinstein, Mitchell | ||
| 250 | |b Mash, Eric A | ||
| 250 | |c Youngstrom, Eric A. | ||
| 250 | |b Barkley, Russell A. | ||
| 260 | |b The Guilford Press |c 2019 |h New York |i 700385 |i 700386 |l RJ506.B44 T71 |m Behavior disorders in children-Treatment |m Behavior therapy for children |m Affective disorder in children- Treatment |m Child psychopathology |m Child psychotherapy | ||
| 500 | |a it includes references and index | ||
| 942 | |a lcc |c BK |e Johnson |f 22/08/23 | ||
| 952 | |0 0 |1 0 |2 lcc |4 0 |6 RJ0506 B44 T71 |7 0 |9 4410 |a HE |b HOL |c QZ |d 2023-08-22 |l 0 |o RJ506.B44 T71 |p 2023-0334 |r 2023-08-22 00:00:00 |t 700385 |w 2023-08-22 |y BK | ||
| 952 | |0 0 |1 0 |2 lcc |4 0 |6 RJ0506 B44 T71 |7 0 |9 4411 |a HOL |b HOL |c QZ |d 2023-08-22 |l 0 |o RJ506.B44 T71 |p 2023-0335 |r 2023-08-22 00:00:00 |t 700386 |w 2023-08-22 |y BK | ||
| 999 | |c 2213 |d 2213 | ||